<?xml version="1.0" encoding="UTF-8"?>
<record
    xmlns:xsi="http://www.w3.org/2001/XMLSchema-instance"
    xsi:schemaLocation="http://www.loc.gov/MARC21/slim http://www.loc.gov/standards/marcxml/schema/MARC21slim.xsd"
    xmlns="http://www.loc.gov/MARC21/slim">

  <leader>01136nam a22002297a 4500</leader>
  <controlfield tag="005">20240612121504.0</controlfield>
  <controlfield tag="008">220505b           ||||| |||| 00| 0 eng d</controlfield>
  <datafield tag="040" ind1=" " ind2=" ">
    <subfield code="c">Aloy</subfield>
  </datafield>
  <datafield tag="041" ind1=" " ind2=" ">
    <subfield code="a">Hindi</subfield>
  </datafield>
  <datafield tag="082" ind1=" " ind2=" ">
    <subfield code="2">23</subfield>
    <subfield code="a">920H</subfield>
    <subfield code="b">MACE</subfield>
  </datafield>
  <datafield tag="100" ind1=" " ind2=" ">
    <subfield code="a">Prabhakar Machve</subfield>
    <subfield code="9">170231</subfield>
  </datafield>
  <datafield tag="100" ind1=" " ind2=" ">
    <subfield code="9">33902</subfield>
    <subfield code="d"> &#x92A;&#x94D;&#x930;&#x92D;&#x93E;&#x915;&#x930; &#x92E;&#x93E;&#x91A;&#x935;&#x947; Ed</subfield>
  </datafield>
  <datafield tag="245" ind1=" " ind2=" ">
    <subfield code="a">Ek samarpith rashtrakarmi: Shri Aunkarlal Bohra</subfield>
    <subfield code="b"> &#x90F;&#x915; &#x938;&#x92E;&#x930;&#x94D;&#x92A;&#x93F;&#x924; &#x930;&#x93E;&#x937;&#x94D;&#x91F;&#x94D;&#x930;&#x915;&#x930;&#x94D;&#x92E;&#x940;: &#x936;&#x94D;&#x930;&#x940; &#x914;&#x902;&#x915;&#x93E;&#x930;&#x932;&#x93E;&#x932; &#x92C;&#x94B;&#x939;&#x930;&#x93E; </subfield>
  </datafield>
  <datafield tag="260" ind1=" " ind2=" ">
    <subfield code="a">Kalkatta</subfield>
    <subfield code="b">Vishal Rajasthan Prakashan</subfield>
    <subfield code="c">1993</subfield>
  </datafield>
  <datafield tag="300" ind1=" " ind2=" ">
    <subfield code="a">336p.</subfield>
    <subfield code="b">HB</subfield>
    <subfield code="c">22x14cm.</subfield>
  </datafield>
  <datafield tag="365" ind1=" " ind2=" ">
    <subfield code="2">Hindi</subfield>
    <subfield code="b">250.00</subfield>
    <subfield code="c">&#x20B9;</subfield>
    <subfield code="d">250.00</subfield>
  </datafield>
  <datafield tag="650" ind1=" " ind2=" ">
    <subfield code="a">Biography: &#x91C;&#x940;&#x935;&#x928; &#x91A;&#x93E;&#x930;&#x93F;&#x924;&#x94D;&#x930; </subfield>
    <subfield code="9">33865</subfield>
  </datafield>
  <datafield tag="650" ind1=" " ind2=" ">
    <subfield code="a">Rashtrkarmi: &#x930;&#x93E;&#x937;&#x94D;&#x91F;&#x94D;&#x930;&#x915;&#x930;&#x94D;&#x92E;&#x940; </subfield>
    <subfield code="9">33866</subfield>
  </datafield>
  <datafield tag="700" ind1=" " ind2=" ">
    <subfield code="a">BHATT (Rajendrshankar): MENARAIYA (Purushottamlal): GHANSHYAM: OJA (Sanhaiyalal)</subfield>
    <subfield code="9">33868</subfield>
  </datafield>
  <datafield tag="700" ind1=" " ind2=" ">
    <subfield code="a">&#x92E;&#x947;&#x928;&#x93E;&#x930;&#x93F;&#x92F;&#x93E; (&#x92A;&#x941;&#x930;&#x941;&#x937;&#x94B;&#x924;&#x94D;&#x924;&#x92E;&#x932;&#x93E;&#x932;) Ed, &#x92D;&#x91F;&#x94D;&#x91F; (&#x930;&#x93E;&#x91C;&#x947;&#x902;&#x926;&#x94D;&#x930;&#x936;&#x902;&#x915;&#x930;) Ed, &#x918;&#x928;&#x936;&#x94D;&#x92F;&#x93E;&#x92E; Ed, &#x913;&#x91D; (&#x938;&#x928;&#x94D;&#x939;&#x948;&#x92F;&#x93E;&#x932;&#x93E;&#x932;) Ed</subfield>
    <subfield code="9">33869</subfield>
  </datafield>
  <datafield tag="942" ind1=" " ind2=" ">
    <subfield code="2">ddc</subfield>
    <subfield code="c">GF</subfield>
  </datafield>
  <datafield tag="999" ind1=" " ind2=" ">
    <subfield code="c">222786</subfield>
    <subfield code="d">222786</subfield>
  </datafield>
  <datafield tag="952" ind1=" " ind2=" ">
    <subfield code="0">0</subfield>
    <subfield code="1">0</subfield>
    <subfield code="2">ddc</subfield>
    <subfield code="4">0</subfield>
    <subfield code="7">0</subfield>
    <subfield code="8">HIN</subfield>
    <subfield code="a">AL</subfield>
    <subfield code="b">AL</subfield>
    <subfield code="d">2013-03-24</subfield>
    <subfield code="l">0</subfield>
    <subfield code="o">920H MACE</subfield>
    <subfield code="p">GF02580</subfield>
    <subfield code="r">2022-05-05 00:00:00</subfield>
    <subfield code="w">2022-05-05</subfield>
    <subfield code="y">GF</subfield>
  </datafield>
</record>
